000 01281cad a22002535a 4500
001 L137735
008 070425e20070328xxkd f s s000 0 eng d
020 _a9780755965663
035 _a(Sirsi) u137735
041 0 _aeng
050 0 4 _a306.1 $2 18
100 1 _aAmabile, Debbie
245 0 0 _aScottish house condition survey
_bkey findings for 2004/5
_h[electronic resource]
260 _aEdinburgh
_bScottish Executive Development Department
_c2007
520 _aFinds a rise in the numbers renting from housing associations and cooperatives, and a corresponding fall in rentals from local authorities. Right to buy has also increased the number of homes owned outright. Contains data on housing stock types and the energy efficiency of homes. Finds that fuel poverty levels are up from 2003/4. The Scottish Quality Housing Standard continues a gradual rise. Used a smaller sample than in previous years.
650 2 4 _aSCOTTISH QUALITY HOUSING STANDARD
650 2 4 _aRIGHT TO BUY
651 4 _aScotland
_y1999-
690 _aResidential property
_96266
700 1 _aCormack, Dave
700 1 _aHinchliffe, Stephen
856 4 8 _uhttps://www.scotland.gov.uk/Publications/2007/03/26155927/0
_zView the item free of charge at www.scotland.gov.uk/Publications
942 _n0
999 _c106888
_d106888